000 00889nam a2200265 i 4500
003 DO-SdBNP
005 20260306081631.0
007 ta
008 260306b2005 dr ||||| |||| 00| 0 spa d
040 _aDO-SdBNP
_bspa
_cBNPHU
_erda
041 _aspa
082 4 _axxx
_bxxx
_222
100 _aReyes, Ramón Emilio,
_eautor
_4aut.
_91234
245 1 0 _aLecciones de derecho internacional privado /
_cRamón Emilio Reyes
264 4 _aSanto Domingo :
_bEdiciones Jurídicas Trajano Potentini;
_bLibrería Juríca Virtual,
_c©2005.
300 _a323 páginas ;
_c21 cm.
336 _atexto
_btxt
_2rdacontent
337 _asin mediación
_bn
_2rdamedia
338 _avolumen
_bnc
_2rdacarrier
500 _aIncluye datos biográficos del autor en la contracubierta
504 _aBibliografía : páginas 322-323
590 _aInventariado, 2026/BT
910 _aBtavárez
942 _2ddc
_cLBS1
999 _c60449
_d60449